Statistiche per Riconosci la Squadra di calcio - Quiz n°141

Clicka qui per fare il quiz!

Statistiche generali

  • Questo quiz è stato fatto 6 volte
  • Il punteggio medio è 7 su 10

Statistiche sulle risposte

IndizioRisposta% Corretto
Colori socialiRosso
100%
Titoli nazionali16 Campionati argentini
80%
ConfederazioneCONMEBOL
80%
SimboliDiavolo
80%
Fondazione1905
60%
Trofei nazionali2 Copa Ibarguren
1 Copa de Competencia La Nación
1 Copa de Honor Municipalidad de Buenos Aires
1 Copa de Competencia Jockey Club
3 Copa de Competencia Asociación Amateurs
1 Copa Adrián C. Escobar
60%
Capienza Stadio52 823 posti
60%
Trofei internazionali7 Coppe Libertadores
2 Coppe Sudamericane
2 Coppe Intercontinentali
3 Coppe Interamericane
1 Recopa Sudamericana
2 Supercoppe Sudamericane
2 Cope Ricardo Aldao
1 Coppa Suruga Bank
60%
Divisione nazionale 2023-2024Prima
60%
SquadraIndependiente
40%

Distribuzione punteggi

Percentile per numero di risposta

Percentuale di utenti per punteggio

I tuoi punteggi nel tempo

Non hai fatto questo quiz